000 00692nam a2200205 i 4500
001 75672
003 ES-MaACL
005 20230906172539.0
007 t|
008 040927s1977 sp ||||1| spa d
100 1 _aGrassi, Ernesto.
_959707
245 1 0 _aHumanismo y marxismo /
_cErnesto Grassi ; con un apéndice de textos de los humanistas italianos ; versión de Manuel Albella Martín.
260 _a[Madrid] :
_bGredos,
_c[1977]
300 _a313 p. ;
_c20 cm.
490 1 _aBiblioteca hispánica de filosofía
700 1 _aAlbella Martín, Manuel.
_919257
830 0 _aBiblioteca hispánica de filosofía
_9181000
852 _aES-MaACL
_jL-2342
_bR.103212
999 _c75672
_d75672